A Globalização explicada aos jovens... e aos outros (Registo nº 698)

Detalhes MARC
000 -Etiqueta do registo
Cabeçalho 00640nam0a22002651 4500
005 - Identificador da versão
Campo de controlo 20240813121810.0
010 ## - Número internacional normalizado dos livros (ISBN)
Número (ISBN) 9727103251
021 ## - Número do Depósito Legal
Código do país PT
Número 185681/02
035 ## - Other System Control Numbers
System Control Number 0000728
System Control Number 0000723
System Control Number 0000723
System Control Number 0000711
100 ## - Dados gerais de processamento
Dados gerais de processamento 20060601d a e0pory5003 ba
102 ## - Pais de publicação ou produção
País de publicação Portugal
101 1# - Língua de publicação
Língua do texto, banda sonora, etc. Português
Língua do documento no original Português
106 ## - Campo de dados codificados: material textual
Dados codificados do material textual r
105 ## - Campo de dados codificados: livros
Dados codificados dos livros y z 001yy
215 ## - Descrição física 
Indicação específica da natureza do documento e extensão da espécie p.82
Dimensões cm
200 1# - Titulo e menção de responsabilidade
Título próprio A Globalização explicada aos jovens... e aos outros
Primeira menção de responsabilidade José Jorge Letria
225 2# - Colecção 
Título próprio da colecção Caminhos da Liberdade
Indicação de volume 13
210 ## - Publicação, Distribuição, etc. 
Lugar da edição, distribuição, etc. Lisboa
Nome do editor, distribuidor, etc. Terramar
Data da publicação, distribuição, etc. 2002
942 ## - Elementos de entrada adicionados (Koha)
Tipo de item no Koha Livro
Exemplares
Situação do levantamento Origin of item (home branch) (coded) Biblioteca de empréstimo Código de barras Circulation type (not for loan) Tipo de documento Nota do exemplar Damaged status
  Biblioteca Escolar Eng. Nuno Mergulhão Biblioteca Escolar Eng. Nuno Mergulhão BENM1186   Livro Sem mensagem